| 000 | 01709cam a22002771 4500 | ||
|---|---|---|---|
| 001 | rc 01003364 | ||
| 003 | DLC | ||
| 005 | 20260227111909.0 | ||
| 007 | cr ||||||||||| | ||
| 008 | 810826m18891899mdubfi 000 0 eng | ||
| 010 | _arc 01003364 | ||
| 040 |
_aDLC _cCarP _dDLC |
||
| 043 | _an-us-md | ||
| 050 | 0 | 0 |
_aF176 _b.M37 No. 28, 34, 35 |
| 051 |
_aF184 _b.C16 |
||
| 245 | 0 | 4 |
_aThe Calvert papers. _nno. 1-3 |
| 260 |
_aBaltimore _b[J. Murphy & co., _bprinters] _c1889-99. |
||
| 300 |
_a3 v. _bplates, 2 fold. maps, 2 col. coats of arms (incl front. : v. 2) _c25 cm. |
||
| 505 | 0 | _ano. 1. The Calvert papers. With an account of their recovery, and presentation of the society, December 10th, 1888. Together with a calendar of the papers recovered, and selections from the papers. Address of A. Ritchie. Remarks of J.H.B. Latrobe. Report of M. Cohen. Remarks of W.H. Browne. Exemplification of the arms of Sir G. Calvert. The patent of nobility of George, lord Baltimore. The will of Sir G. Calvert, lord Baltimore. The inventory of the estate of the same. A calendar of the Calvert papers, by J.W.M. Lee. The Calvert papers First selection.--no. 2. Selections from correspondence, 1719-1765.--no. 3. "A briefe relation of the voyage unto Maryland" [by Andrew White] and other papers. | |
| 530 | _aAlso available in digital form on the Library of Congress Web site. | ||
| 651 | 0 |
_aMaryland _xHistory _yColonial period, ca. 1600-1775 _vSources. |
|
| 700 | 1 |
_aLee, John Wesley Murray, _d1848-1896 or 1897. |
|
| 700 | 1 |
_aWhite, Andrew, _d1579-1656. |
|
| 856 | 4 | 1 |
_3Volume 1 _dlhbcb _f3364a _qs _uhttp://hdl.loc.gov/loc.gdc/lhbcb.3364a |
| 856 | 4 | 1 |
_3Volume 3 _dlhbcb _f3364b _qs _uhttp://hdl.loc.gov/loc.gdc/lhbcb.3364b |
| 999 |
_c52555 _d52555 |
||